000 00824pam a2200265 a 4500
001 2960685
003 OSt
005 20160517101444.0
008 910703s1992 nyu 000 0aeng
010 _a 91026667
020 _a0393029875 :
_c$21.95
040 _aSEKU
043 _an-us---
050 0 0 _aRC 514 .M58
_bM66 1992
100 1 _aMoorman, Margaret.
245 1 0 _aMy sister's keeper :
_blearning to cope with a sibling's mental illness /
_cMargaret Moorman.
260 _aNew York :
_bNorton,
_cc1992.
300 _a320 p. ;
_c25 cm.
600 1 0 _aMoorman, Sally
_xMental health.
600 1 0 _aMoorman, Margaret
_xFamily.
650 0 _aSchizophrenics
_zUnited States
_vBiography.
650 0 _aSchizophrenics
_xFamily relationships
_zUnited States.
650 0 _aSisters
_zUnited States.
942 _2lcc
_cGEN
999 _c14080
_d14080